Normal view MARC view

Entry Personal Name

Number of records used in: 1

001 - CONTROL NUMBER

  • control field: 76661

003 - CONTROL NUMBER IDENTIFIER

  • control field: dpl

005 - DATE AND TIME OF LATEST TRANSACTION

  • control field: 20250116104849.0

008 - FIXED-LENGTH DATA ELEMENTS

  • fixed length control field: 250116|| aca||aabn | a|a d

040 ## - CATALOGING SOURCE

  • Original cataloging agency: dpl
  • Transcribing agency: dpl

100 ## - HEADING--PERSONAL NAME

  • Dates associated with a name: H. Addington Bruce

670 ## - SOURCE DATA FOUND

  • Source citation: Work cat.: (dpl)208544: Bruce, H. Addington 76660, Psychology And Parenthood/

© Delhi Public Library
Hit Counter
free hit counter